000 00603cam a2200229 4500
001 B2065
008 090401t1988 xxu||||| |||| 00| 0 eng d
035 _a(Sirsi) u47861
041 _aeng
050 _a333.72
090 _aRICS 1988/14ABC
110 _aRoyal Institution of Chartered Surveyors
_94900
245 _aRedundant farm land: an opportunity for country house revival? A discussion document by the RICS
260 _c1988
300 _a2p.
350 _a5.25
650 _aCOUNTRY HOUSES
650 _aFARM LAND
650 _aLand use
_96251
942 _n0
948 _c04/03/1997
999 _c92226
_d92226